Normal view
MARC view
- الأدب العربي - الأدباء العرب - تراجم - الأردن
Entry Topical Term
001 - CONTROL NUMBER
- control field: 48923
003 - CONTROL NUMBER IDENTIFIER
- control field: JO-AjAnu
005 - DATE AND TIME OF LATEST TRANSACTION
- control field: 20230606082051.0
008 - FIXED-LENGTH DATA ELEMENTS
- fixed length control field: 230606|| aca||aabn | a|a d
040 ## - CATALOGING SOURCE
- Original cataloging agency: JO-AjAnu
- Transcribing agency: JO-AjAnu
150 ## - HEADING--TOPICAL TERM
- Topical term or geographic name entry element: الأدب العربي - الأدباء العرب - تراجم - الأردن
670 ## - SOURCE DATA FOUND
- Source citation: Work cat.: (JO-AjAnu)25024: إعداد رابطة الكتاب الأردنيين, author 48922, مؤنس الرزاز(1)؛عبد الرحمن منيف(2)